000 00296nam a2200109Ia 4500
008 220204s9999 xx 000 0 und d
082 _a658.3
_bFUL
100 _aFulmer, Robert M
245 0 _aSupervision: Prinicples of professional management
260 _aCalifornia
_bGlencoe
_c1976
942 _cBK
999 _c25623
_d25623